LIBRARY & INFORMATION CENTRE, KCAET, TAVANUR

ONLINE PUBLIC ACCESS CATALOGUE (OPAC)

Hand of agrometerology / (Record no. 13085)

MARC details
000 -LEADER
fixed length control field 00430cam a2200157ua 4500
003 - CONTROL NUMBER IDENTIFIER
control field OSt
008 - FIXED-LENGTH DATA ELEMENTS--GENERAL INFORMATION
fixed length control field 220901b |||||||| |||| 00| 0 eng d
041 ## - LANGUAGE CODE
Language code of text/sound track or separate title eng
082 ## - DEWEY DECIMAL CLASSIFICATION NUMBER
Classification number 633.082
Item number MEE/HA
100 ## - MAIN ENTRY--AUTHOR NAME
Personal name Meena om prakash, Chark .
245 ## - TITLE STATEMENT
Title Hand of agrometerology /
260 ## - PUBLICATION, DISTRIBUTION, ETC. (IMPRINT)
Place of publication Udaipur :
Name of publisher Agro tech publishing company ,
Year of publication 2007.
300 ## - PHYSICAL DESCRIPTION
Number of Pages 144 ;
Accompanying material `.
700 1# - ADDED ENTRY--PERSONAL NAME
Personal name Singh, soman Lakshman lal .
942 ## - ADDED ENTRY ELEMENTS (KOHA)
Koha item type Books
Holdings
Withdrawn status Lost status Damaged status Home library Current library Date acquired Full call number Accession Number Koha item type
      KAUAET KAUAET 07/04/2012 633.082 21633 Books
free website counter